00650nam a2200193Ia 4500008004100000020001400041082001600055100002200071245006400093250000700157260004500164300002800209500001900237600002100256650005000277942000700327952010700334999001500441240925s9999 xx 000 0 und d a135840465 a004.165 STE aStewart ,James W. 4aThe 8051 Microcontroller: hardware,software and interfacing aNA aNew Jersey:bPrintice- Hall Int.c,1993. ali,1611p.bNAfOriginal aIncludes Index aComputer Science aComputer science, information & general works cBK 001040708CSaUITUbUITUd2001-03-26eNAl0o004.165 STEpQ3621r2024-09-25 07:13:13w2024-09-25yBK c6120d6120